Diagnostikovanie vplyvných pozorovaní

Saved in:
Bibliographic Details
Main Author: Šoltés, Erik, 1974-
Other Authors: Šoltésová, Tatiana, 1975-
Format: Book Chapter
Language:Slovak
Subjects:
Tags: Add Tag
No Tags, Be the first to tag this record!

MARC

LEADER 00000naa$a2200000$$$4500
001 0108671
005 20240502072211.3
041 0 |a slo 
044 |a SK 
245 1 0 |a Diagnostikovanie vplyvných pozorovaní  |c Erik Šoltés, Tatiana Šoltésová 
500 |a Abstrakt 
610 2 0 |a štatistika 
610 2 0 |a metódy štatistické 
610 2 0 |a modely regresné 
610 2 0 |a analýzy 
100 1 |a Šoltés, Erik, 1974- 
700 1 |a Šoltésová, Tatiana, 1975-